00530nam a2200145 a 450000100100000000500170001000800410002704000250006808200110009324500890010425000120019326000990020530000270030450000530033100004868020201002061326.0190408s2016 dr a 000 0 spa d aDO-SdBNPbspacBNPHU axxbxx00aSismap Municipal :bsistema de monitoreo de la Administración Pública Municipal. a3a. ed. aSanto Domingo,República Dominicana :bMinisterio de Administración Pública (MAP),c2016. a40 p. :bil. ;c23 cm. aUna oportunidad para mejorar nuestros municipios